| 000 | 00484nam a22001577a 4500 | ||
|---|---|---|---|
| 999 |
_c534221 _d534221 |
||
| 020 | _qHard Cover. | ||
| 082 | _a660 | ||
| 100 | _aRashad, Mina | ||
| 245 |
_aCatalytic Oxidaton of Methanol to Formic Acid / _cMina Rashad. |
||
| 260 |
_aIslamabad : _bSCME - NUST, _c2015. |
||
| 300 |
_axv, 61 p. : ill. ; _c30cm. |
||
| 942 |
_2ddc _cTHE |
||
| 650 |
_aChemical Engineering MS-Thesis. _916130 |
||
| 700 |
_aDr. Iram Mahmood. _928346 |
||